La novela española contemporánea (1927-1960)

Gespeichert in:
Bibliographische Detailangaben
1. Verfasser: Nora, Eugenio G. de
Format: Buch
Sprache:Undetermined
Veröffentlicht: Madrid, España Editorial Gredos 1926
Schlagworte:
Tags: Tag hinzufügen
Keine Tags, Fügen Sie den ersten Tag hinzu!

MARC

LEADER 00000nam a2200000Ia 4500
008 170316s9999 xx 000 0 und d
090 |a 862 N-5n v.2 
100 |a Nora, Eugenio G. de 
245 |a La novela española contemporánea (1927-1960) 
260 |a Madrid, España 
260 |b Editorial Gredos 
260 |c 1926 
300 |a 514 páginas Tomo II 
650 |a LITERATURA ESPAÑOLA 
999 |c 25635  |d 25635 
040 |a cru BVZT 
942 |c 15 D  |h 862 N-5n v.2  |2 z